000 00446nam a22001817a 4500
005 20220622130953.0
008 220622b ||||| |||| 00| 0 eng d
020 _a8187125594
040 _aIN-DiNC
_cIN-DiNC
041 _deng
082 _a332.46
100 _aJhingan M L
_eauthor
245 _aMonetary Economics
_cby M L Jhingan
250 _a5th ed.
260 _aDelhi
_bVrinda publications
_c2001
300 _a718p.
942 _2ddc
_cBK
999 _c11344
_d11344